El libro de los barcos / (Registro nro. 9176)

Detalles MARC
000 -LIDER
fixed length control field 00579nam a22002177a 4500
001 - NÚMERO DE CONTROL
Identificador de número de control 0158
003 - IDENTIFICACDOR DE NÚMERO DE CONTROL
control field DO-SdBNP
005 - DATE AND TIME OF LATEST TRANSACTION
control field 20160310150148.0
007 - CAMPOS FIJOS DE DESCRIPCIÓN FÍSICA
fixed length control field 0158
008 - ELEMENTOS DE LONGITUD FIJA
fixed length control field 151005b 200 1977 ck 00| 0 spa d
040 ## - FUENTE DE CATALOGACIÓN
Agencia que crea de manera original el registro BPMSU
Idioma de catalogación spa
Agencia que realiza la transcripción BPMSU
092 ## - LOCALLY ASSIGNED DEWEY DECIMAL CALL NUMBER
Número de clasificación XXXX
Número de ítem (Cutter) XXXX
100 1# - ASIENTO PRINCIPAL -- NOMBRE PERSONAL
Nombre personal Beal, George
245 13 - MENCIÓN DE TITULO
Título El libro de los barcos /
Subtítulo preguntas y respuestas
Mención de responsabilidad George Beal ; ilustraciones Brian Watson
260 ## - PUBLICACIÓN, DISTRIBUCIÓN, ETC. (PIE DE IMPRENTA)
Lugar de publicación, distribución, etc Bogotá, Colombia :
Nombre del editor, distribuidor, etc. Norma,
Fecha de publicación, distribución, etc 1977.
300 ## - DESCRIPCIÓN FÍSICA
Extensión 48 p. :
Otros detalles físicos il.
Dimensiones 21 cm.
700 12 - ASIENTO SECUNDARIO -- NOMBRE PERSONAL
Nombre personal Watson, Brian
Mención de responsabilidad il.
910 ## - VALIDACIÓN
Validación 144
942 ## - ADDED ENTRY ELEMENTS (KOHA)
Source of classification or shelving scheme Dewey Decimal Classification
Koha item type Libros
956 ## - LOCAL ELECTRONIC LOCATION AND ACCESS (OCLC)
Nombre de host Yngrid Lockward
Existencias
Withdrawn status Lost status Source of classification or shelving scheme Damaged status Not for loan Collection code Home library Current library Date acquired Source of acquisition Total Checkouts Barcode Date last seen Price effective from Koha item type
    Dewey Decimal Classification       Biblioteca Pública Metropolitana Salomé Ureña Biblioteca Pública Metropolitana Salomé Ureña 03/10/2016 Donación   BPMET16030055 03/10/2016 03/10/2016 Libros